Normal view
MARC view
- LAYTON,ROBERT
Entry Personal Name
001 - CONTROL NUMBER
- control field: 91551
003 - CONTROL NUMBER IDENTIFIER
- control field: NUST
005 - DATE AND TIME OF LATEST TRANSACTION
- control field: 20220513135349.0
008 - FIXED-LENGTH DATA ELEMENTS
- fixed length control field: 220513|| aca||aabn | a|a d
040 ## - CATALOGING SOURCE
- Original cataloging agency: NUST
- Transcribing agency: NUST
100 ## - HEADING--PERSONAL NAME
- Personal name: LAYTON,ROBERT
670 ## - SOURCE DATA FOUND
- Source citation: Work cat.: (NUST): LAYTON,ROBERT., LEARNING DATA MINING WITH PYTHON /, 2017.
